The industrial resources, etc., of the southern and western states : embracing a view of their commerce, agriculture, manufactures, internal improvements; slave and free labor, slavery institutions, products, etc., of the South, together with historical and statistical sketches of the different states and cities of the Union; statistics of the United States commerce and manufactures, from the earliest periods, compared with other leading powers; the results of the different census returns since 1790, and returns of the census of 1850, on population, agriculture and industry, etc., with an appendix /

Bibliographic Details
Main Author: De Bow, J. D. B. (James Dunwoody Brownson), 1820-1867
Format: Book
Language:English
Published: New Orleans : The Office of De Bow's Review, 1852-53.
Subjects:

MARC

Tag First Indicator Second Indicator Subfields
LEADER 00000cam a2200000 4500
001 in00000665666
005 20151015085849.0
008 801006r18521852miua as 00010 eng d
035 |a (OCoLC)06794477 
035 |9 ACY3645AM 
040 |a EEU  |c TXA  |d UtOrBLW 
049 |a TXAI 
090 |a HC105  |b .D28 
099 |a film  |a B  |a 1512  |a reel  |a 61.2 
100 1 |a De Bow, J. D. B.  |q (James Dunwoody Brownson),  |d 1820-1867. 
245 1 4 |a The industrial resources, etc., of the southern and western states :  |b embracing a view of their commerce, agriculture, manufactures, internal improvements; slave and free labor, slavery institutions, products, etc., of the South, together with historical and statistical sketches of the different states and cities of the Union; statistics of the United States commerce and manufactures, from the earliest periods, compared with other leading powers; the results of the different census returns since 1790, and returns of the census of 1850, on population, agriculture and industry, etc., with an appendix /  |c By J. D. B. De Bow. 
264 1 |a New Orleans :  |b The Office of De Bow's Review,  |c 1852-53. 
300 |a 3 volumes tables. ;  |c 22 cm. 
336 |a text  |b txt  |2 rdacontent 
337 |a microform  |b h  |2 rdamedia 
338 |a microfilm reel  |b hd  |2 rdacarrier 
500 |a Alphabetical arrangement. 
500 |a Microfilm. Ann Arbor, Mich., University Microfilms [n.d.] (American culture series, Reel 61.2) 
500 |a Microform. 
650 0 |a Slavery  |z United States. 
651 0 |a Southern States  |x Economic conditions. 
650 0 |a Industries  |z Southern States. 
651 0 |a West (U.S.)  |x Economic conditions. 
651 0 |a United States  |v Statistics. 
650 0 |a Manufactures  |z United States. 
999 |a MARS 
999 f f |s 920a7316-1a4f-3720-855a-949d9aac3b6f  |i 0fb916bb-eab1-31be-b935-a727fc41e1c4  |t 0 
952 f f |p default  |a Texas A&M University  |b College Station  |c Sterling C. Evans Library  |d Evans: Microforms (3rd floor)  |t 0  |e film B 1512 reel 61.2  |h Other scheme  |i microform -- microfilm reel 
998 f f |a film B 1512 reel 61.2  |t 0  |l Evans: Microforms (3rd floor)